00000000nam 2200000zi 4500
0019.952200
003CaOODSP
00520250821091125
006m     o  d f      
007cr cn|||||||||
008250610e202507##nfcd    ob   f000 0 fre d
020 |a9780660777900
040 |aCaOODSP|bfre|erda|cCaOODSP
043 |an-cn-nf|aln-----
0861 |aFs70-6/2025-034F-PDF
24500|aÉvaluation du capelan dans les divisions 2J, 3K et 3L jusqu'en 2024.
264 1|aSt. John's (T.-N.-L.) : |bSecrétariat canadien des avis scientifiques : |bPêches et océans Canada, Région de Terre-Neuve-et-Labrador, Centre des avis scientifiques (CAS), |cjuillet 2025.
264 4|c©2025
300 |a1 ressource en ligne (11 pages) : |bgraphiques.
336 |atexte|btxt|2rdacontent/fre
337 |ainformatique|bc|2rdamedia/fre
338 |aressource en ligne|bcr|2rdacarrier/fre
4901 |aAvis scientifique, |x1919-5117 ; |v2025/034
500 |aTitre de départ.
500 |aPublié aussi en anglais sous le titre : Assessment of divisions 2J+3KL capelin to 2024.
504 |aComprend des références bibliographiques (page 10).
520 |a« La Direction de la gestion des pêches de Pêches et Océans Canada (MPO) a demandé un avis scientifique sur l'état du stock de capelans (Mallotus villosus) dans les divisions 2+3 de la région de Terre-Neuve-et-Labrador [T.-N.-L.] (zones de pêche du capelan 1 à 11). La dernière évaluation de l'espèce remonte à 2024. Des évaluations complètes sont effectuées chaque année et la prochaine évaluation complète est prévue pour 2026. Le présent avis scientifique découle de l'examen régional par les pairs qui a eu lieu du 4 au 6 mars 2025 pour l'évaluation du capelan dans les divisions 2J et 3KL en 2024 » -- Contexte, page [1].
650 6|aCapelan|zTerre-Neuve-et-Labrador|zAtlantique, Côte de l'.
650 6|aCapelan|xPêche commerciale|zTerre-Neuve-et-Labrador|zAtlantique, Côte de l'.
650 6|aRessources halieutiques|xÉvaluation|zTerre-Neuve-et-Labrador|zAtlantique, Côte de l'.
7102 |aSecrétariat canadien de consultation scientifique, |eorganisme de publication.
7101 |aCanada. |bMinistère des pêches et des océans. |bRégion de Terre-Neuve et du Labrador, |eorganisme de publication.
77508|tAssessment of divisions 2J+3KL capelin to 2024.|w(CaOODSP)9.952199
830#0|aAvis scientifique (Secrétariat canadien de consultation scientifique)|x1919-5117 ; |v2025/034.|w(CaOODSP)9.502624
85640|qPDF|s648 Ko|uhttps://publications.gc.ca/collections/collection_2025/mpo-dfo/fs70-6/Fs70-6-2025-034-fra.pdf